| 000 | 01248nam a2200313 a 4500 | ||
|---|---|---|---|
| 001 | 000022972 | ||
| 005 | 20240515122609.0 | ||
| 008 | 101123s1987 mx a 001 e spa d | ||
| 020 | _a9682304156 | ||
| 041 | 1 | 7 |
_aspa _hpor _2Código de idiomas MARC |
| 082 |
_a338.9 _bF992t, 1987 |
||
| 100 | 1 |
_aFurtado, Celso, _947241 |
|
| 240 | 1 | 0 |
_aTeoría e política do desenvolvimento económico. _lSpanish. |
| 245 | 1 | 0 |
_aTeoría y política del desarrollo economico / _cCelso Furtado ; traducción de Francisco Oliveira y Martí Soler. |
| 250 | _aNueva ed. corr. y aum., 13a ed. en español. | ||
| 260 |
_aMexico : _bSiglo Veintiuno, _c1987. |
||
| 300 |
_a301 p. : _bil. ; _c21 cm. |
||
| 490 | 1 | _aEconomía y demografía | |
| 534 |
_pTítulo original en portugués: _tTeoría e política do desenvolvimento económico. _cSao Paulo, Brasil : Companhia editora nacional, 1967 |
||
| 504 | _aIncluye referencias bibliográficas y notas al pie de las páginas. | ||
| 500 | _aIncluye índice | ||
| 650 | 0 |
_aPolítica económica _984931 |
|
| 650 | 4 |
_aTeoría política _933301 |
|
| 700 | 1 |
_aOliveira, Francisco, _etr. _947242 |
|
| 700 | 1 |
_aSoler, Martí, _etr. _929456 |
|
| 830 | 0 |
_aEconomía y demografía _930740 |
|
| 049 | _aBNGR | ||
| 999 |
_c22469 _d22469 |
||
| 040 | _aDO-SdBNP | ||